| 000 | 00585nam a2200217Ia 4500 | ||
|---|---|---|---|
| 005 | 20250425162606.0 | ||
| 008 | 250425s9999 xx 000 0 und d | ||
| 020 | _a97811111346584 | ||
| 041 | _aeng | ||
| 082 | _a150.72 | ||
| 100 | _aJACKSON, SHERRI L. | ||
| 245 | 0 | _aRESEARCH METHODS AND STATISTICS: A CRITICAL THINKING APPROACH | |
| 250 | _a4TH ED. | ||
| 260 | _aBELMONT | ||
| 260 |
_aEstados Unidos _bWADSWORTH CENGAGE LEARNING _c2012 |
||
| 300 | _a510 | ||
| 650 | _aPSICOLOGIA - INVESTIGACION - METODOLOGIA | ||
| 650 | _aPSICOMETRIA | ||
| 942 | _c01 | ||
| 010 | _a87989 | ||
| 999 |
_c232412 _d232412 |
||